Quản lý nhà nước về kinh tế Giáo trình sau đại học
Guardado en:
| Autor principal: | |
|---|---|
| Formato: | Libro |
| Lenguaje: | Undetermined |
| Publicado: |
H.
KHKT
2001
|
| Materias: | |
| Etiquetas: |
Agregar Etiqueta
Sin Etiquetas, Sea el primero en etiquetar este registro!
|
| Thư viện lưu trữ: | Trung tâm Học liệu Trường Đại học Cần Thơ |
|---|
| LEADER | 00491nam a2200169Ia 4500 | ||
|---|---|---|---|
| 001 | CTU_52282 | ||
| 008 | 210402s9999 xx 000 0 und d | ||
| 082 | |a 354.7 | ||
| 082 | |b B566 | ||
| 100 | |a Mai Văn Bưu | ||
| 245 | 0 | |a Quản lý nhà nước về kinh tế | |
| 245 | 0 | |b Giáo trình sau đại học | |
| 260 | |a H. | ||
| 260 | |b KHKT | ||
| 260 | |c 2001 | ||
| 650 | |a public administration,managerial economics | ||
| 980 | |a Trung tâm Học liệu Trường Đại học Cần Thơ | ||